000
00338nam a2200157Ia 4500
100
_a
Rajput/R.S
650
_a
Fluid Mechanics
250
_a
6
942
_c
BK
366
_f
20
654
_a
hydraulics
245
_a
Text book of fluid mechanics and hydraulics
260
_b
S.Chand & Co.
_c
1998
082
_b
RAJ
546
_a
ENGLISH
999
_c
28567
_d
28567